000 00888nmm a2200313 a 4500
003 AR-BaBNM
005 20251128203838.0
008 187019s1988 ||||||||||||||000 | spa||
020 _a950-02-6295-9
040 _cAR-BaBNM
100 1 _aDe Robertis, Cristina
245 1 0 _aMetodología de la intervención en trabajo social
260 _aBuenos Aires
_bEl Ateneo
_c1988
300 1 _axii, 225 p.
500 0 _aSiglas y abreviaturas: p. 224-225
504 _aBibliografía: p. 217-224
650 4 _aTRABAJO SOCIAL
650 4 _aMETODOLOGIA
650 4 _aEVALUACION
650 4 _aSERVICIOS SOCIALES
650 4 _aORGANIZACIONES VOLUNTARIAS
650 4 _aTRABAJO COMUNITARIO
650 4 _aASISTENCIA SOCIAL
700 1 _aBlanc, Bernadette
_ecolaborador
700 1 _aLesimple, Françoise
700 1 _aDi Carlo, Enrique
_ecolaborador
942 _cBK
998 _cSILVI
999 _c5158
_d5158